[Event "Mlada Boleslav Region-ch U14"]
[Site "Mlada Boleslav"]
[Date "2017.06.24"]
[Round "2"]
[White "Sedmihradsky, Martin"]
[Black "Podlipsky, Petr"]
[Result "0-1"]
[WhiteElo "1057"]
[BlackElo "1251"]
[PlyCount "42"]
[EventDate "2017.06.24"]
[EventType "swiss"]
[EventRounds "7"]
[EventCountry "CZE"]
[SourceTitle "CBM 179 Extra"]
[Source "ChessBase"]
[SourceDate "2017.08.23"]
[SourceVersion "1"]
[SourceVersionDate "2017.08.23"]
[SourceQuality "1"]

1. e4 c5 2. Nf3 d6 3. Nc3 Nc6 4. d4 cxd4 5. Nxd4 Bd7 6. Bb5 g6 7. Be3 Bg7 8. 0-0 Nf6 9. Bxc6 bxc6 10. Qe2 0-0 11. f4 Ng4 12. f5 Nxe3 13. Qxe3 Qb6 14. b3 Bxd4 15. fxg6 Bxe3+ 16. Kh1 fxg6 17. h3 Bd4 18. Na4 Qb5 19. Rad1 Rxf1+ 20. Rxf1 Qxf1+ 21. Kh2 Be5+ 0-1